000 00587nam a2200169 4500
001 124230
003 ES-MaACL
005 20250823063104.0
007 t|
008 070214s1911 sp r ||||1| spa d
100 1 _aRedonet y López-Dóriga, Luis,
_d1875-1972
_995833
245 1 0 _aHistoria jurídica del cultivo y de la industria ganadera en España /
_cpor D. Luis Redonet y López-Dóriga.
260 _aMadrid :
_b[s. n.],
_c1911 (
_fImp. de la Sucesora de M. Minuesa de los Ríos)
300 _a2 v. ;
_c19 cm.
852 _aES-MaACL
_jF-9315-6
999 _c124230
_d124230